00684nam a2200241 a 4500001001300000003000900013005001700022008004100039020001200080082001600092100001700108245003000125260003100155300000900186500003500195505001200230650003600242700001700278902000800295942000700303952011700310999001500427nice12345678IN_TiNIC20260116012240.0050524s1954 lona grp 000 0 eng  ac165.600a291.82bBOU aBouquet, A C aSacred Books of the World aLondonbPenguin Bookc1954 a343p aincludes index and biblioraphy2 aIndexes aComparative Religion-Scriptures1 aBouquet, A C bSRS cBK 001040708StackRoom-aHMIbHMId2007-07-20g165.60l0o291.82 BOUp014392r2007-07-20v165.60w2005-05-24yBK c6234d6234